LEADER 01274nam0 2200289 4500 001 000031081 005 20161223132457.0 010 $a978-88-6342-428-7 100 $a20160902d2012----km-y0itay50------ba 101 0 $aita 102 $aIT 105 $ay-------001yy 200 1 $aAbuso di posizione dominante e propriet ?intellettuale nel diritto dell'Unione Europea$fValeria Capuano 210 $aNapoli$cEditoriale scientifica$d2012 215 $a186 p.$d24 cm. 225 2 $aStudi e documenti di diritto internazionale e comunitario$v64 410 0$12001$aStudi e documenti di diritto internazionale e comunitario$v64 500 10$aAbuso di posizione dominante e propriet ?intellettuale nel diritto dell'Unione Europea$9831910 610 1 $aConcorrenza$aDiritto comunitario 610 1 $aPropriet ?intellettuale$aPaesi dell'Unione Europea 676 $a343.240721$v22$9Diritto in materia di regolamentazione dell'attivit ?economica. Legislazione antitrust. Unione europea 700 1$aCapuano,$bValeria$0520964 801 0$aIT$bUNIPARTHENOPE$c20160902$gRICA$2UNIMARC 912 $a000031081 951 $a343-A/26$b46180$cNAVA1$d2016 996 $aAbuso di posizione dominante e propriet ?intellettuale nel diritto dell'Unione Europea$9831910 997 $aUNIPARTHENOPE